Luxemburg-Quiz - Statistiken

Allgemein
  • Dieses Quiz wurde 3.295 mal gespielt
  • Das Durchschnittsergebnis liegt bei 13 aus 22
Antwortstatistiken
Frage Antwort % Korrekt
Hauptstadt Luxemburg
100%
Amtssprachen Deutsch
99%
Amtssprachen Französisch
99%
Währung von Luxemburg Euro
98%
Kollektiver Name für Belgien, Luxemburg und die Niederlande Benelux
78%
Luxemburg ist das viert____ Land der Welt, kurz vor Singapur Reichste
72%
Amtssprachen Luxemburgisch
71%
Beliebter "Songcontest", den Luxemburg fünf mal gewann Eurovision Songcontest
69%
Offizieller Titel des Monarchen Groß{herzog}
67%
Wie die Schweiz wird Luxemburg oft diese Bezeichnung gegeben {Steuer}oase
67%
Wappentier Luxemburgs Löwe
57%
Fluss entlang der Südostgrenze (Anfangsbuchstabe M) Moselle
55%
Der moderne Staat Luxemburgs entstand infolge dieser Aufteilung Europas von 1815 {Wiener} Kongress
50%
Ehemalige Währung Franken
37%
Großreich, zu dem Luxemburg 962–1795 gehörte Heiliges Römisches Reich
37%
Organ der EU, dessen Sitz in der Hauptstadt liegt Europäischer Gerichtshof
32%
Ehemaliger Präsident der EU, 2014-19 Jean-Claude Juncker
32%
Begriff für ein Verwaltungsbezirk von Luxemburg (Anfangsbuchstabe K) Kantone
32%
Waldregion, in der 1940 die deutsche Offensive auf Frankreich begann Ardennen
31%
Zweitgrößte Stadt, die an einem Fluss liegt Esch-an-der-{Alzette}
30%
Aktueller Monarch Henri
25%
Luxemburgischer Sieger des Tour de France 2010 Andy Schleck
20%
Keine übereinstimmenden Quizze gefunden
Verteilung der Resultate
Anzahl Personen mit jedem Resultat
Perzentil nach korrekt beantworteten Fragen
Ihre Resultats-Entwicklung
Sie haben dieses Quiz noch nicht gespielt